000 00351nam a2200145Ia 4500
008 220217s9999||||xx |||||||||||||| ||und||
020 _a81-7808-498-8
082 _a514 MUN
100 _aMunkres, James, R
245 0 _aTopology
250 _a2nd
260 _aPearson education asia
_bDelhi
_c2002
300 _b195
650 _aMATHEMATICS
999 _c169802
_d169802